000 00521nam a2200121Ia 4500
008 220615s9999||||xx |||||||||||||| ||und||
100 _aRivera Pelayo, Verónica
245 0 _aDesign and Application of Quantified Self Approaches for Reflective Learning in the Workplace
546 _aEnglish[eng]
650 _aArbeitsumfeld||Self-Tracking||self-tracking||Anwendungenreflective learning||Quantified Self||workplace||Reflektierendes Lernen||applications
856 _uhttps://www.ksp.kit.edu/9783731504061
942 _cEB
999 _c14243
_d14243